000 00951nas a2200325 4500
001 BR0204359
003 BR-BrBNA
005 20231205103217.0
007 ta
008 230509b bl.|||p| |||| 00| 00por d
040 _aBR-BrBNA
_bpor
_cBiblioteca Nacional de Agricultura
041 _a(Pt)
072 _aL01
100 1 _aRibeiro, F.G.
100 1 _aLeme, P.R.
100 1 _aBulle, M.L. de M.
100 1 _aLima, C.G. de
100 1 _aSilva, S. da L. e
100 1 _aPereira, A.S.C.
100 1 _aLanna, D.P.D.
245 1 _aCaracterísticas da carcaça e qualidade da carne de tourinhos alimentados com dietas de alta energia
650 _aTOURO
650 _aCARCAÇA
650 _aCARNE
650 _aQUALIDADE
650 _aDIETA
773 0 _tRevista Brasileira de Zootecnia (Brazil)
_xISSN 1516-3598
_g(Mar-Apr 2002), v. 31(29) p. 749-756
_wBR0204359
909 _a202311
_bLúcia
_c55
_dLúcia Elande
942 _2AGRIS
_n0
_cANA
999 _c171678
_d171678